书目信息 |
| 题名: |
商务谈判
|
|
| 作者: | 王小兰 , 张晓青 主编 | |
| 分册: | ||
| 出版信息: | 北京 中国财政经济出版社 2007.09 |
|
| 页数: | 193页 | |
| 开本: | 26cm | |
| 丛书名: | ||
| 单 册: | ||
| 中图分类: | F715.4 | |
| 科图分类: | ||
| 主题词: | 贸易谈判--mao yi tan pan--高等学校--教材 | |
| 电子资源: | ||
| ISBN: | 978-7-5095-0173-3 | |
| 000 | 00930nam0 2200265 450 | |
| 001 | 012008517018 | |
| 005 | 20080624144149.67 | |
| 010 | @a978-7-5095-0173-3@dCNY20.00 | |
| 100 | @a20080624d2007 em y0chiy0120 ea | |
| 101 | 0 | @achi |
| 102 | @aCN@b110000 | |
| 105 | @ay a 000yy | |
| 106 | @ar | |
| 200 | 1 | @a商务谈判@Ashang wu tan pan@f王小兰, 张晓青主编@Fwang xiao lan,zhang xiao qing zhu bian |
| 210 | @a北京@c中国财政经济出版社@d2007.09 | |
| 215 | @a193页@d26cm | |
| 300 | @a全国高职高专院校市场营销专业规划教材 | |
| 320 | @a有书目 (第193页) | |
| 330 | @a本书对商务谈判的基本理论和实际中的具体运用作了全面的阐述,对于相关案例的选用充分考虑了我国的具体国情,侧重应用性和实践性。 | |
| 606 | 0 | @a贸易谈判@Amao yi tan pan@x高等学校@j教材 |
| 690 | @aF715.4@v4 | |
| 701 | 0 | @a王小兰@Awang xiao lan@4主编 |
| 701 | 0 | @a张晓青@Azhang xiao qing@4主编 |
| 801 | 0 | @aCN@bQSSK@c20080624 |
| 905 | @b728613-15@dF715.4@eW383@f3 | |
| 商务谈判/王小兰, 张晓青主编.-北京:中国财政经济出版社,2007.09 |
| 193页;26cm |
| 全国高职高专院校市场营销专业规划教材 |
| ISBN 978-7-5095-0173-3:CNY20.00 |
| 本书对商务谈判的基本理论和实际中的具体运用作了全面的阐述,对于相关案例的选用充分考虑了我国的具体国情,侧重应用性和实践性。 |
| ● |
| 相关链接 |
|
|
|
正题名:商务谈判
索取号:F715.4/W383
 
预约/预借
| 序号 | 登录号 | 条形码 | 馆藏地/架位号 | 状态 | 备注 |
| 1 | 728613 | 207286131 | 社科库409/409社科库 45排6列1层/ [索取号:F715.4/W383] | 在馆 | |
| 2 | 728614 | 207286140 | 社科库409/409社科库 45排6列1层/ [索取号:F715.4/W383] | 在馆 | |
| 3 | 728615 | 207286159 | 社科库409/409社科库 45排6列1层/ [索取号:F715.4/W383] | 在馆 |